[Event "Blitz open"]
[Site "SchemingMind.com"]
[Date "2012.12.08"]
[Round "-"]
[White "Jacek"]
[Black "NAZRIZ1977"]
[Result "0-1"]
[WhiteCountry "POL"]
[BlackCountry "WLS"]
[WhiteElo "1693"]
[WhiteRD "79"]
[BlackElo "1753"]
[BlackRD "63"]
[GameID "322742"]

1. e4 c6 2. d4 d5 3. e5 c5 4. dxc5 e6 5. Be3 Nh6 6. Nf3 Nf5 7. Bg5 Be7 8. Bb5+ Bd7 9. Bxd7+ Nxd7 10. Bxe7 Qxe7
11. O-O Qxc5 12. Nc3 O-O 13. Qe2 Rac8 14. Rfd1 d4 15. Rab1 dxc3 16. Rxd7 Rc7 17. Rxc7 Qxc7 18. bxc3 b6 19. c4 Rd8 20. Rd1 Rxd1+
21. Qxd1 h6 22. h3 Qxc4 23. g4 Qxa2 24. gxf5 exf5 25. Qd8+ Kh7= 26. Nd4 Qb1+ 27. Kg2 Qa2 28. Nxf5 Qxc2 29. Qd5 Qxf5
0-1

[Event "Blitz open"]
[Site "SchemingMind.com"]
[Date "2012.12.08"]
[Round "-"]
[White "NAZRIZ1977"]
[Black "Jacek"]
[Result "1/2-1/2"]
[WhiteCountry "WLS"]
[BlackCountry "POL"]
[WhiteElo "1598"]
[WhiteRD "82"]
[BlackElo "1437"]
[BlackRD "114"]
[GameID "322743"]

1. c4 e5 2. g3 d5 3. cxd5 Qxd5 4. Nf3 Nc6 5. Nc3 Qa5 6. Bg2 Bd7 7. O-O f5 8. d3 Nf6 9. a3 Bc5 10. Rb1 Bxa3
11. bxa3 Qxc3 12. Rxb7 O-O 13. Rxc7 Rac8 14. Rb7 Rb8 15. Rxb8 Rxb8 16. Nd2 Nd4 17. e3 Qxc1 18. Qxc1 Ne2+ 19. Kh1 Nxc1 20. Rxc1 Bb5
21. Rc3 Ba6 22. Nb3 e4 23. Nd2 Bxd3 24. Rb3=
1/2-1/2

[Event "Blitz open"]
[Site "SchemingMind.com"]
[Date "2012.12.15"]
[Round "-"]
[White "SAMAEL"]
[Black "Jacek"]
[Result "0-1"]
[WhiteCountry "CAN"]
[BlackCountry "POL"]
[WhiteElo "1719"]
[WhiteRD "55"]
[BlackElo "1693"]
[BlackRD "79"]
[GameID "322861"]

1. e4 c5 2. Nf3 e6 3. Be2 d5 4. exd5 exd5 5. h3 Nf6 6. d4 Be7 7. O-O O-O 8. Re1 Nc6 9. Be3 c4 10. c3 h6
11. Nbd2 b5 12. a3 a5 13. Qc2 Rb8 14. Nh2 b4 15. axb4 axb4 16. Bf3 b3 17. Qd1 Bf5 18. Nxc4 Nb4 19. Na3 Bc2 20. Qd2 Nd3
21. Rf1 Bxa3 22. Rxa3 Nxb2 23. Ng4 Nc4
0-1

[Event "Blitz open"]
[Site "SchemingMind.com"]
[Date "2012.12.15"]
[Round "-"]
[White "SAMAEL"]
[Black "NAZRIZ1977"]
[Result "1/2-1/2"]
[WhiteCountry "CAN"]
[BlackCountry "WLS"]
[WhiteElo "1719"]
[WhiteRD "55"]
[BlackElo "1753"]
[BlackRD "63"]
[GameID "322862"]

1. d4 Nf6 2. Nf3 g6 3. c4 Bg7 4. e3 O-O 5. Be2 d6 6. Nc3 Nbd7 7. O-O e5 8. h3 Re8 9. Bd2 e4 10. Nh2 c6
11. a3 d5 12. cxd5 cxd5 13. Rc1 Nf8 14. Nb5 Ne6 15. Bb4 Bf8 16. Bxf8 Kxf8 17. Ng4 Nxg4 18. Bxg4 f5 19. Be2 Kg7 20. Qc2 Re7
21. Qb3 h5 22. Rc2 a6 23. Nc3 Rd7= 24. Rfc1 f4 25. Na4 b5 26. Nc5 Rf7 27. Nxe6+ Bxe6 28. exf4 Rxf4 29. Qg3 Rf7 30. Bxh5 Qf6
31. Bg4 Bxg4 32. Qxg4 Raf8 33. Rd1 Qd6 34. g3 e3 35. f4 Re8 36. Re2 b4 37. axb4 Qxb4 38. h4 Rf5 39. Rd3 Qc4 40. Rexe3 Qc1+
41. Kf2 Qc2+ 42. Qe2 Qxe2+ 43. Kxe2 Rff8 44. Rxe8 Rxe8+ 45. Re3 Rb8 46. b3 Kf6 47. Rc3 Rb4 48. Kd3 Kf5 49. Kc2 Rb6 50. Re3 Kg4
51. Kd2 Rb4 52. Kc3 Rb6 53. b4 Rc6+ 54. Kb3 Rc4 55. Re6 Kxg3 56. Rxg6+ Kxh4 57. Rxa6 Rxd4 58. Rd6 Kg4 59. b5 Kxf4 60. b6 Rd1
61. Kc2 Rd4 62. Kc3 Rc4+ 63. Kb3 Rc1 64. Kb4 Ke5 65. Rd8 d4 66. Ka5 Ke4 67. b7 d3 68. Ka6 Ra1+ 69. Kb6 Rb1+ 70. Kc7 Ke3
71. b8=Q Rxb8=
1/2-1/2

[Event "Blitz open"]
[Site "SchemingMind.com"]
[Date "2012.12.15"]
[Round "-"]
[White "Jacek"]
[Black "SAMAEL"]
[Result "1-0"]
[WhiteCountry "POL"]
[BlackCountry "CAN"]
[WhiteElo "1693"]
[WhiteRD "79"]
[BlackElo "1719"]
[BlackRD "55"]
[GameID "322863"]

1. e4 e5 2. Bc4 Nf6 3. d4 exd4 4. Nf3 h6 5. O-O Be7 6. e5 Nh7 7. Qxd4 Nc6 8. Qe4 Nf8 9. Rd1 Ne6 10. Nc3 O-O
11. Qg4 Ng5 12. Bf4 Nxf3+ 13. gxf3 Bg5 14. Ne4 Bxf4 15. Qxf4 Qe7 16. Nf6+ Kh8 17. Ng4 d6 18. exd6 cxd6 19. Nxh6 gxh6 20. Qxh6+ Kg8
21. Kh1
1-0

[Event "Blitz open"]
[Site "SchemingMind.com"]
[Date "2012.12.15"]
[Round "-"]
[White "NAZRIZ1977"]
[Black "SAMAEL"]
[Result "1/2-1/2"]
[WhiteCountry "WLS"]
[BlackCountry "CAN"]
[WhiteElo "1753"]
[WhiteRD "63"]
[BlackElo "1719"]
[BlackRD "55"]
[GameID "322864"]

1. c4 e5 2. g3 Nf6 3. Bg2 c6 4. d4 exd4 5. Qxd4 Be7 6. Nf3 h6 7. O-O O-O 8. Nc3 d6 9. Rd1 Be6 10. b3 Nbd7
11. Bf4 Ne8 12. Ne4 d5 13. cxd5 Bxd5 14. Rac1 Qb6 15. Qxb6 Nxb6 16. Nc3 Be6 17. Nd4 Bd7 18. e4 Rc8 19. Nf5 Bxf5 20. exf5 Nf6
21. Na4 Nxa4 22. bxa4 Rfd8 23. Re1 Kf8 24. Be3 a6 25. Rb1 Rd7 26. h3 Bd8 27. g4 a5 28. f4 b6 29. Bxb6 Bxb6+ 30. Rxb6 Rd4
31. g5 Nd5 32. gxh6 gxh6 33. Bxd5 cxd5 34. Rxh6 Kg7 35. Rd6=
1/2-1/2

[Event "Blitz open"]
[Site "SchemingMind.com"]
[Date "2012.12.12"]
[Round "-"]
[White "emvarela"]
[Black "Jacek"]
[Result "0-1"]
[WhiteCountry "ARG"]
[BlackCountry "POL"]
[WhiteElo "1743"]
[WhiteRD "47"]
[BlackElo "1693"]
[BlackRD "79"]
[GameID "322939"]

1. e4 c5 2. Nf3 e6 3. d4 cxd4 4. Nxd4 a6 5. Bd3 Qc7 6. O-O Nf6 7. Nc3 Nc6 8. Be3 Bb4 9. Nce2 O-O 10. c3 Bd6
11. Nxc6 dxc6 12. f4 e5 13. fxe5 Bxe5 14. Bf4 Bg4 15. Bxe5 Qxe5 16. Qc2 Bxe2 17. Qxe2 Qc5+ 18. Qf2 Nd7 19. Qxc5 Nxc5 20. Bc2 Rfe8
21. Rae1 Re5 22. Rf2 Rae8 23. Rfe2 f5 24. b4 Nxe4 25. Bxe4 fxe4 26. a4 e3 27. g3 Kf7 28. Kg2 Re4 29. Kf3 Rc4 30. Rxe3 Rxc3
31. Rxc3 Rxe1 32. Rd3 Ke6 33. Rd4 g6 34. Kg4 h6 35. h4 Re3 36. Kf4 Rc3 37. g4 c5 38. bxc5 Rxc5 39. g5 Rf5+ 40. Kg4 h5+
41. Kg3 Rc5 42. Kf4 b5 43. axb5 axb5 44. Re4+ Kf7 45. Kg3 Rc3+
0-1

[Event "Blitz open"]
[Site "SchemingMind.com"]
[Date "2012.12.13"]
[Round "-"]
[White "emvarela"]
[Black "NAZRIZ1977"]
[Result "1-0"]
[WhiteCountry "ARG"]
[BlackCountry "WLS"]
[WhiteElo "1743"]
[WhiteRD "47"]
[BlackElo "1753"]
[BlackRD "63"]
[GameID "322940"]

1. e4 c6 2. d4 d5 3. Nc3 dxe4 4. Nxe4 Bf5 5. Ng3 Bg6 6. h4 h6 7. Nf3 Nd7 8. h5 Bh7 9. Bd3 Bxd3 10. Qxd3 e6
11. Bf4 Qa5+ 12. Bd2 Bb4 13. c3 Be7 14. c4 Qc7 15. O-O-O Ngf6 16. Kb1 O-O 17. Rhe1 Rfe8 18. Ne5 Rad8 19. Nxf7 Kxf7 20. Qg6+ Kg8
21. Bxh6 Bf8 22. Bg5 Bb4 23. Ne4 Nxe4 24. Bxd8 Qxd8 25. Rxe4 Qf6 26. a3 Be7 27. Qxe8+
1-0

[Event "Blitz open"]
[Site "SchemingMind.com"]
[Date "2012.12.16"]
[Round "-"]
[White "emvarela"]
[Black "SAMAEL"]
[Result "0-1"]
[WhiteCountry "ARG"]
[BlackCountry "CAN"]
[WhiteElo "1743"]
[WhiteRD "47"]
[BlackElo "1719"]
[BlackRD "55"]
[GameID "322941"]

1. e4 e5 2. Nf3 d6 3. d4 exd4 4. c3 h6 5. Nxd4 Nf6 6. Bc4 Be7 7. Nd2 O-O 8. O-O Bd7 9. h3 a6 10. Qf3 Nc6
11. Nxc6 Bxc6 12. Bd5 Bxd5 13. exd5 Re8 14. Re1 Qd7 15. Nb3 Nh7 16. Bd2 Bf6 17. Qg3 Kh8 18. Re3 Rxe3 19. Bxe3 Re8 20. Bd4 Qf5
21. Bxf6 Qxf6 22. f3 Qe5 23. Qxe5 Rxe5 24. Rd1 Nf6 25. c4 b5 26. cxb5 axb5 27. f4 Rxd5 28. Rxd5 Nxd5 29. g3 Kg8 30. Nd4 b4
31. Kf2 Kf8 32. Kf3 g6 33. Nb5 Ke7 34. a4 bxa3 35. bxa3 c5 36. a4 Kd7 37. Ke4 Ne7 38. a5 Kc6 39. a6 d5+ 40. Ke5 Nc8
41. a7 Nb6 42. Nc3 Nd7#
0-1

[Event "Blitz open"]
[Site "SchemingMind.com"]
[Date "2012.12.12"]
[Round "-"]
[White "Jacek"]
[Black "emvarela"]
[Result "1-0"]
[WhiteCountry "POL"]
[BlackCountry "ARG"]
[WhiteElo "1693"]
[WhiteRD "79"]
[BlackElo "1743"]
[BlackRD "47"]
[GameID "322942"]

1. e4 e5 2. Bc4 Nf6 3. d4 exd4 4. Nf3 Nc6 5. O-O Nxe4 6. Re1 d5 7. Bxd5 Qxd5 8. Nc3 Qh5 9. Nxe4 Be6 10. Neg5 O-O-O
11. Nxe6 fxe6 12. Rxe6 Bd6 13. Bd2 Rhf8 14. h3 Rf7 15. Qe2 Rdf8 16. Re8+ Rxe8 17. Qxe8+ Nd8 18. Bg5
1-0

[Event "Blitz open"]
[Site "SchemingMind.com"]
[Date "2012.12.13"]
[Round "-"]
[White "NAZRIZ1977"]
[Black "emvarela"]
[Result "1-0"]
[WhiteCountry "WLS"]
[BlackCountry "ARG"]
[WhiteElo "1753"]
[WhiteRD "63"]
[BlackElo "1743"]
[BlackRD "47"]
[GameID "322943"]

1. c4 c5 2. g3 Nf6 3. Bg2 Nc6 4. Nc3 d6 5. Nf3 g6 6. O-O Bg7 7. d3 O-O 8. a3 Bd7 9. Rb1 a6 10. b4 cxb4
11. axb4 e6 12. Ba3 Qc7 13. b5 axb5 14. Nxb5 Qb8 15. Bxd6 Qc8 16. Bxf8 Kxf8 17. Nd6
1-0

[Event "Blitz open"]
[Site "SchemingMind.com"]
[Date "2012.12.16"]
[Round "-"]
[White "SAMAEL"]
[Black "emvarela"]
[Result "1/2-1/2"]
[WhiteCountry "CAN"]
[BlackCountry "ARG"]
[WhiteElo "1717"]
[WhiteRD "52"]
[BlackElo "1761"]
[BlackRD "51"]
[GameID "322944"]

1. Nf3 d5 2. d4 Nf6 3. e3 e6 4. Be2 c5 5. O-O Nc6 6. Nc3 Bd6 7. a3 cxd4 8. exd4 O-O 9. Re1 a6 10. h3 h6
11. Be3 Qc7 12. Bf1 Re8 13. Rc1 b5 14. Na2 e5 15. dxe5 Bxe5 16. c3 Bf4 17. Bxf4 Qxf4 18. Rxe8+ Nxe8 19. Rc2 Be6 20. Qd2 Qxd2
21. Rxd2 Nd6 22. Rd1 Nc4 23. Bxc4 dxc4 24. Rd6 Ne7 25. Nd4 Nf5 26. Nxf5 Bxf5 27. Nb4 a5 28. Nd5 Bd3 29. Rc6 Re8 30. Rc8 Rxc8
31. Ne7+ Kf8 32. Nxc8 Bf5 33. Nb6 g5= 34. f3 Ke7 35. Nd5+ Kd6 36. Ne3 Bd3 37. Kf2 f5 38. g3 h5 39. f4 g4 40. hxg4 hxg4
41. Ng2 Kc5 42. Ke3 b4 43. axb4+ axb4 44. cxb4+ Kxb4 45. Kd4 Kb3 46. Ne3 Kxb2 47. Nxc4+ Kc2 48. Nd6 Kd2 49. Ke5 Ke3 50. Nxf5+ Bxf5
51. Kxf5 Kf3 52. Ke6 Kxg3 53. f5 Kh2 54. f6 g3 55. f7 g2 56. f8=Q g1=Q 57. Qh6+=
1/2-1/2

[Event "Blitz open"]
[Site "SchemingMind.com"]
[Date "2012.12.12"]
[Round "-"]
[White "Ezedoke"]
[Black "Jacek"]
[Result "1-0"]
[WhiteCountry "ARG"]
[BlackCountry "POL"]
[WhiteElo "2000"]
[WhiteRD "87"]
[BlackElo "1437"]
[BlackRD "114"]
[GameID "323029"]

1. e4 c5 2. Nf3 e6 3. d4 cxd4 4. Nxd4 a6 5. Bd3 Qc7 6. O-O b5 7. a4 b4 8. Re1 Bb7 9. Nd2 Nf6 10. e5 Nd5
11. Nc4 Nc6 12. Nf5 O-O-O 13. Nfd6+ Bxd6 14. Nxd6+
1-0

[Event "Blitz open"]
[Site "SchemingMind.com"]
[Date "2012.12.12"]
[Round "-"]
[White "Ezedoke"]
[Black "emvarela"]
[Result "1-0"]
[WhiteCountry "ARG"]
[BlackCountry "ARG"]
[WhiteElo "2215"]
[WhiteRD "72"]
[BlackElo "1743"]
[BlackRD "47"]
[GameID "323030"]

1. e4 e5 2. Nf3 Nc6 3. Bb5 f5 4. Nc3 fxe4 5. Nxe4 Nf6 6. Nxf6+ Qxf6 7. Qe2 Be7 8. Bxc6 dxc6 9. Nxe5 Bf5 10. O-O O-O-O
11. d3 Bd6 12. Nc4 Rhe8 13. Be3 Qh4 14. Nxd6+ Rxd6 15. Qd2 Bh3 16. Bf4 Rg6 17. Bg3 Qg4 18. Qa5 Re7 19. gxh3 Qxh3 20. Qxa7 b6
21. Qa8+ Kd7 22. Qb8 Rxg3+ 23. fxg3 Qg4 24. Rf8 Qd4+ 25. Kf1 Kd6 26. Qd8+ Rd7 27. Re1
1-0

[Event "Blitz open"]
[Site "SchemingMind.com"]
[Date "2012.12.12"]
[Round "-"]
[White "Ezedoke"]
[Black "NAZRIZ1977"]
[Result "1-0"]
[WhiteCountry "ARG"]
[BlackCountry "WLS"]
[WhiteElo "2000"]
[WhiteRD "87"]
[BlackElo "1598"]
[BlackRD "82"]
[GameID "323031"]

1. e4 c6 2. d4 d5 3. e5 c5 4. Nf3 Nc6 5. dxc5 Bg4 6. c3 e6 7. Be3 Nh6 8. Bb5 Be7 9. Nbd2 Nf5 10. Bxc6+ bxc6
11. Qa4 Bxf3 12. Qxc6+ Kf8 13. Nxf3 Rc8 14. Qa6 Nxe3 15. fxe3 Bxc5 16. Nd4 g6 17. O-O Kg7 18. Rxf7+
1-0

[Event "Blitz open"]
[Site "SchemingMind.com"]
[Date "2012.12.17"]
[Round "-"]
[White "Ezedoke"]
[Black "SAMAEL"]
[Result "1-0"]
[WhiteCountry "ARG"]
[BlackCountry "CAN"]
[WhiteElo "2000"]
[WhiteRD "87"]
[BlackElo "1646"]
[BlackRD "74"]
[GameID "323032"]

1. e4 e5 2. Nf3 d6 3. d4 exd4 4. Nxd4 Nf6 5. Nc3 c5 6. Bb5+ Bd7 7. Nf5 Bxb5 8. Nxb5 Qa5+ 9. Nc3 Qb6 10. O-O g6
11. Nh6 Nbd7 12. Qf3 Bxh6 13. Bxh6 Rg8 14. Bg5 Nh5 15. Nd5 Ne5 16. Qa3 Qc6 17. Ne7
1-0

[Event "Blitz open"]
[Site "SchemingMind.com"]
[Date "2012.12.12"]
[Round "-"]
[White "Jacek"]
[Black "Ezedoke"]
[Result "0-1"]
[WhiteCountry "POL"]
[BlackCountry "ARG"]
[WhiteElo "1437"]
[WhiteRD "114"]
[BlackElo "2000"]
[BlackRD "87"]
[GameID "323033"]

1. e4 c5 2. Nf3 Nc6 3. Bb5 g6 4. O-O Bg7 5. Nc3 e5 6. Bc4 Nge7 7. d3 O-O 8. a3 d6 9. h3 a6 10. Bg5 b5
11. Bb3 h6 12. Be3 Nd4 13. Bxd4 cxd4 14. Nd5 Bb7 15. Nxe7+ Qxe7 16. a4 Bc6 17. axb5 axb5 18. Rxa8 Rxa8 19. c3 dxc3 20. bxc3 Qc7
21. Qc2 Qb7 22. Re1 Bf6 23. d4 Ra3 24. d5 Bd7 25. Rb1 Qa7 26. Qb2 Bd8 27. Qc1 Bb6
0-1

[Event "Blitz open"]
[Site "SchemingMind.com"]
[Date "2012.12.12"]
[Round "-"]
[White "emvarela"]
[Black "Ezedoke"]
[Result "0-1"]
[WhiteCountry "ARG"]
[BlackCountry "ARG"]
[WhiteElo "1757"]
[WhiteRD "48"]
[BlackElo "2000"]
[BlackRD "87"]
[GameID "323034"]

1. e4 c5 2. Nf3 Nc6 3. d4 cxd4 4. Nxd4 Nf6 5. Nc3 e5 6. Ndb5 d6 7. Bg5 a6 8. Na3 b5 9. Nd5 Be7 10. Bxf6 Bxf6
11. c3 Rb8 12. Nxf6+ Qxf6 13. Qd5 Ne7 14. Qd2 O-O 15. Rd1 Be6 16. Qxd6 Ng6 17. Qxa6 Rfd8 18. Rxd8+ Rxd8 19. Qxb5 Qf4 20. Qb3 Qd2#
0-1

[Event "Blitz open"]
[Site "SchemingMind.com"]
[Date "2012.12.12"]
[Round "-"]
[White "NAZRIZ1977"]
[Black "Ezedoke"]
[Result "0-1"]
[WhiteCountry "WLS"]
[BlackCountry "ARG"]
[WhiteElo "1598"]
[WhiteRD "82"]
[BlackElo "2000"]
[BlackRD "87"]
[GameID "323035"]

1. c4 e5 2. g3 Nf6 3. Bg2 d5 4. cxd5 Nxd5 5. Nf3 Nc6 6. O-O Nb6 7. d3 Be7 8. Nbd2 O-O 9. a3 a5 10. b3 Be6
11. Bb2 f6
0-1

[Event "Blitz open"]
[Site "SchemingMind.com"]
[Date "2012.12.17"]
[Round "-"]
[White "SAMAEL"]
[Black "Ezedoke"]
[Result "0-1"]
[WhiteCountry "CAN"]
[BlackCountry "ARG"]
[WhiteElo "1719"]
[WhiteRD "55"]
[BlackElo "2215"]
[BlackRD "72"]
[GameID "323036"]

1. e4 c5 2. Nf3 Nc6 3. Be2 Nf6 4. d3 d5 5. exd5 Nxd5 6. c4 Nc7 7. a3 e5 8. Nc3 Be7 9. O-O O-O 10. h3 b6
11. Re1 Bb7 12. Nh2 Nd4 13. Bf1 f5 14. Ne2 Nce6 15. Nxd4 Nxd4 16. Be3 Qd6 17. Bxd4 cxd4 18. Rc1 Bg5 19. Rb1 e4 20. b4 Bf4
21. g3 e3 22. Bg2 exf2+ 23. Kxf2 Bxg3+ 24. Kf1 Qf4+ 25. Nf3 Bxe1 26. Kxe1 Rae8+ 27. Kf2 Rf6 28. Kg1 Rg6 29. Kh1 Re3 30. Rb2 Bxf3
31. Bxf3 Rxf3
0-1

[Event "Blitz open"]
[Site "SchemingMind.com"]
[Date "2012.12.17"]
[Round "-"]
[White "silent1"]
[Black "Jacek"]
[Result "0-1"]
[WhiteCountry "CAN"]
[BlackCountry "POL"]
[WhiteElo "1394"]
[WhiteRD "93"]
[BlackElo "1780"]
[BlackRD "70"]
[GameID "323250"]

1. d4 Nf6 2. c4 g6 3. Nc3 Bg7 4. e3 d5 5. Bd3 c5 6. Nf3 Bg4 7. h3 Bxf3 8. Qxf3 Nc6 9. O-O cxd4 10. exd4 Nxd4
11. Qd1 dxc4 12. Bxc4 O-O 13. Be3 Nf5 14. Qxd8 Rfxd8 15. Bf4 Rac8 16. Bb3 e6 17. Rfd1 a6 18. Rxd8+ Rxd8 19. Rd1 Rxd1+ 20. Nxd1 Nd5
21. Bxd5 exd5 22. b3 d4 23. Nb2 b5 24. Kf1 Ne7 25. Ke2 Nd5 26. Bd2 Nc3+ 27. Bxc3 dxc3 28. Nd3 f5 29. Kd1 Kf7 30. Ke2= Bf8
31. Kd1 b4 32. f3 Bd6 33. g4 f4 34. Ne1 g5 35. Kc2 Ke6 36. Kd3 Kd5 37. Nc2 Bc5 38. Na1 h6 39. Nc2 a5 40. Na1 Be3
41. Nc2 Bf2
0-1

[Event "Blitz open"]
[Site "SchemingMind.com"]
[Date "2012.12.20"]
[Round "-"]
[White "silent1"]
[Black "emvarela"]
[Result "0-1"]
[WhiteCountry "CAN"]
[BlackCountry "ARG"]
[WhiteElo "1394"]
[WhiteRD "93"]
[BlackElo "1761"]
[BlackRD "51"]
[GameID "323251"]

1. d4 Nf6 2. c4 e6 3. Nc3 Bb4 4. a3 Bxc3+ 5. bxc3 c5 6. e3 O-O 7. Bd3 Nc6 8. Nf3 d5 9. cxd5 Nxd5 10. O-O cxd4
11. cxd4 e5 12. Nxe5 Nxe5 13. Bb2 Nxd3 14. Qxd3 Be6 15. Rac1 Qb6 16. Qd2 Rac8 17. Rxc8 Rxc8 18. Rc1 Rxc1+ 19. Qxc1 Qc7 20. Qxc7 Nxc7
21. Kf1 a5 22. Ke2 Bc4+ 23. Kd2 b5 24. g3 Nd5 25. e4 Nf6 26. f3 a4 27. Ke3 g5 28. d5 Nd7 29. Bd4 f6 30. f4 h6
31. fxg5 hxg5 32. h4 gxh4 33. gxh4 Kg7 34. Kf4 Kg6 35. d6 Be6 36. Kg3 Bc4
0-1

[Event "Blitz open"]
[Site "SchemingMind.com"]
[Date "2012.12.15"]
[Round "-"]
[White "silent1"]
[Black "NAZRIZ1977"]
[Result "0-1"]
[WhiteCountry "CAN"]
[BlackCountry "WLS"]
[WhiteElo "1407"]
[WhiteRD "90"]
[BlackElo "1753"]
[BlackRD "63"]
[GameID "323252"]

1. d4 Nf6 2. c4 g6 3. Nc3 Bg7 4. Nf3 O-O 5. e3 d6 6. Bd3 Nbd7 7. O-O e5 8. d5 Re8 9. e4 a5 10. a4 Nc5
11. Bc2 h6 12. b3 Nh7 13. h3 f5 14. exf5 gxf5 15. Be3 b6 16. Bxc5 bxc5 17. Rb1 Ng5 18. Nxg5 Qxg5 19. Nb5 Re7 20. Qc1 Qh4
21. Qe3 Bf6 22. Qg3+ Qxg3 23. fxg3 e4 24. Kh2 Rg7 25. Nc3 Bxc3 26. Bd1 Be5 27. Kh1 Rxg3 28. Bc2 Bd7 29. Bd1 f4 30. Bc2 e3
31. Rf3 Rxf3 32. Be4 Rf2 33. Kg1 Kf7 34. Bf3 Rg8 35. Kh1 e2
0-1

[Event "Blitz open"]
[Site "SchemingMind.com"]
[Date "2012.12.20"]
[Round "-"]
[White "silent1"]
[Black "SAMAEL"]
[Result "0-1"]
[WhiteCountry "CAN"]
[BlackCountry "CAN"]
[WhiteElo "1407"]
[WhiteRD "90"]
[BlackElo "1719"]
[BlackRD "55"]
[GameID "323253"]

1. d4 d5 2. c4 e6 3. Nc3 h6 4. e3 Nf6 5. Bd3 Be7 6. Nf3 O-O 7. O-O a6 8. cxd5 exd5 9. h3 Nc6 10. a3 Re8
11. b4 Bf8 12. Bb2 Na7 13. Re1 c6 14. e4 dxe4 15. Nxe4 Nxe4 16. Bxe4 Be6 17. Bc2 Bd5 18. Rxe8 Qxe8 19. Qe1 Bxf3 20. gxf3 g6
21. Bc3 Bg7 22. Bb3 Nb5 23. Qe3 Qxe3 24. fxe3 Nxc3 25. Bc4 Re8 26. Re1 Rxe3 27. Rxe3 Bxd4 28. Kf2 Nd1+
0-1

[Event "Blitz open"]
[Site "SchemingMind.com"]
[Date "2012.12.16"]
[Round "-"]
[White "silent1"]
[Black "Ezedoke"]
[Result "0-1"]
[WhiteCountry "CAN"]
[BlackCountry "ARG"]
[WhiteElo "1440"]
[WhiteRD "113"]
[BlackElo "2000"]
[BlackRD "87"]
[GameID "323254"]

1. d4 d5 2. c4 c6 3. Nc3 Nf6 4. e3 e6 5. Nf3 Nbd7 6. Bd3 dxc4 7. Bxc4 b5 8. Bd3 Bb7 9. O-O a6 10. a3 c5
11. dxc5 Nxc5 12. Bc2 Qc7 13. b4 Ng4 14. h3 Bxf3
0-1

[Event "Blitz open"]
[Site "SchemingMind.com"]
[Date "2012.12.18"]
[Round "-"]
[White "Jacek"]
[Black "silent1"]
[Result "1-0"]
[WhiteCountry "POL"]
[BlackCountry "CAN"]
[WhiteElo "1693"]
[WhiteRD "79"]
[BlackElo "1407"]
[BlackRD "90"]
[GameID "323255"]

1. e4 g6 2. d4 Bg7 3. Nc3 d6 4. Be3 b6 5. Qd2 e6 6. O-O-O Ne7 7. h4 O-O 8. h5 Bb7 9. hxg6 fxg6 10. Bh6 Kh8
11. Bxg7+ Kxg7 12. Qh6+ Kf6 13. e5+
1-0

[Event "Blitz open"]
[Site "SchemingMind.com"]
[Date "2012.12.20"]
[Round "-"]
[White "emvarela"]
[Black "silent1"]
[Result "1-0"]
[WhiteCountry "ARG"]
[BlackCountry "CAN"]
[WhiteElo "1743"]
[WhiteRD "47"]
[BlackElo "1407"]
[BlackRD "90"]
[GameID "323256"]

1. e4 e5 2. Nf3 d6 3. d4 Be7 4. Nc3 Nf6 5. dxe5 dxe5 6. Qxd8+ Bxd8 7. Nxe5 O-O 8. Bd3 c6 9. Be3 Nbd7 10. Nxd7 Bxd7
11. O-O-O Bb6 12. Bxb6 axb6 13. h3 Be6 14. f4 Nh5 15. f5 Bd7 16. Be2 Ng3 17. Rhe1 Nxe2+ 18. Rxe2 Rfd8 19. Red2 Kf8 20. Rxd7 Rxd7
21. Rxd7 Rb8 22. e5 g6 23. fxg6 hxg6 24. Ne4 Re8 25. Rxb7 Rxe5 26. Nf6 Kg7 27. Rxb6 Kxf6 28. Rxc6+ Kf5 29. Rc3 Re2 30. g4+ Ke5
31. Rd3 f5 32. gxf5 Kxf5 33. b3 Ke4 34. a4 g5 35. a5
1-0

[Event "Blitz open"]
[Site "SchemingMind.com"]
[Date "2012.12.16"]
[Round "-"]
[White "NAZRIZ1977"]
[Black "silent1"]
[Result "0-1"]
[WhiteCountry "WLS"]
[BlackCountry "CAN"]
[WhiteElo "1753"]
[WhiteRD "63"]
[BlackElo "1407"]
[BlackRD "90"]
[GameID "323257"]

1. c4 e5 2. g3 Nf6 3. Bg2 Bc5 4. Nc3 O-O 5. e3 c6 6. Nge2 d5 7. cxd5 Nxd5 8. O-O Nf6 9. d4 Bd6 10. dxe5 Bxe5
11. Qa4 Be6 12. e4 Nbd7 13. h3 Bxc3 14. Nxc3 Nb6 15. Qc2 Qc8 16. Kh2 h6 17. Be3 Nc4 18. Bc1 Rd8 19. b3 Nb6 20. Be3 Nbd7
21. f4 Nh7 22. f5 Bxf5 23. Rxf5 Ndf8 24. Raf1 Nf6 25. Bxh6 gxh6 26. Rxf6 Rd7 27. Rxh6 Qc7 28. Qd2 Rxd2
0-1

[Event "Blitz open"]
[Site "SchemingMind.com"]
[Date "2012.12.20"]
[Round "-"]
[White "SAMAEL"]
[Black "silent1"]
[Result "1-0"]
[WhiteCountry "CAN"]
[BlackCountry "CAN"]
[WhiteElo "1719"]
[WhiteRD "55"]
[BlackElo "1407"]
[BlackRD "90"]
[GameID "323258"]

1. e4 e5 2. Nf3 d6 3. h3 Be7 4. Be2 Nf6 5. Nc3 O-O 6. O-O Be6 7. Re1 Nc6 8. d3 h6 9. Bd2 d5 10. exd5 Nxd5
11. a3 Nxc3 12. Bxc3 Bf6 13. Bf1 Re8 14. Qd2 Bd5 15. Be2 Ne7 16. Nxe5 Bxe5 17. Bxe5 Ng6 18. Bg3 Nh4 19. Bxh4 Qxh4 20. Bf1 Rxe1
21. Rxe1 Bc6 22. c3 Re8 23. Rxe8+ Bxe8 24. Qe3 Qd8 25. Qxa7 Bc6 26. Qe3 b6 27. d4 Qe8 28. Qxe8+ Bxe8 29. Bd3 Kf8 30. Kf1 Ke7
31. Ke2 Kd6 32. Ke3 Bc6 33. Be4
1-0

[Event "Blitz open"]
[Site "SchemingMind.com"]
[Date "2012.12.16"]
[Round "-"]
[White "Ezedoke"]
[Black "silent1"]
[Result "1-0"]
[WhiteCountry "ARG"]
[BlackCountry "CAN"]
[WhiteElo "2000"]
[WhiteRD "87"]
[BlackElo "1440"]
[BlackRD "113"]
[GameID "323259"]

1. e4 g6 2. d4 Bg7 3. c4 e6 4. Nc3 Ne7 5. Nf3 O-O 6. Be2 b6 7. O-O Bb7 8. Re1 Nbc6 9. d5 exd5 10. exd5 Ne5
11. Nxe5 Bxe5 12. Bg4 Bg7 13. Bg5 f6 14. Bf4 d6 15. Be6+ Kh8 16. Nb5 a6 17. Nd4 f5 18. Bg5 Bc8 19. Bxc8 Bxd4 20. Qxd4+ Kg8
21. Be6+
1-0

[Event "Blitz open"]
[Site "SchemingMind.com"]
[Date "2012.12.17"]
[Round "-"]
[White "simpet"]
[Black "Jacek"]
[Result "1/2-1/2"]
[WhiteCountry "ENG"]
[BlackCountry "POL"]
[WhiteElo "1590"]
[WhiteRD "59"]
[BlackElo "1437"]
[BlackRD "114"]
[GameID "323334"]

1. e4 c5 2. Bc4 e6 3. Nf3 a6 4. O-O b5 5. Be2 Bb7 6. d3 d5 7. exd5 exd5 8. Bg5 Be7 9. Bxe7 Nxe7 10. Ne5 O-O
11. Bf3 Qc7 12. Re1 f6 13. Ng4 Nbc6 14. c3 Rae8 15. Nd2 f5 16. Ne3 Ne5 17. Qb3 Nxf3+ 18. Nxf3 c4 19. Qd1 f4 20. Ng4 Nc6
21. d4 Rxe1+ 22. Qxe1 Qd7 23. Nge5 Nxe5 24. Qxe5 Rf5 25. Qb8+ Rf8 26. Qe5 Rf5 27. Qb8+ Rf8 28. Qe5 Rf5 29. Qb8+ Rf8=
1/2-1/2

[Event "Blitz open"]
[Site "SchemingMind.com"]
[Date "2012.12.20"]
[Round "-"]
[White "simpet"]
[Black "emvarela"]
[Result "0-1"]
[WhiteCountry "ENG"]
[BlackCountry "ARG"]
[WhiteElo "1613"]
[WhiteRD "54"]
[BlackElo "1743"]
[BlackRD "47"]
[GameID "323335"]

1. e4 e5 2. Nf3 Nc6 3. Bc4 Bc5 4. O-O Nf6 5. Ng5 O-O 6. d3 d6 7. Kh1 Bg4 8. f3 Bd7 9. Nd2 h6 10. Nh3 Bxh3
11. gxh3 Qd7 12. Rg1 Bxg1 13. Qxg1 Qxh3 14. c3 Kh7 15. a3 Nh5 16. b4 f5 17. Be6 Ne7 18. Bb2 Nf4 19. Bc4 Ne2 20. Qe1 Nf4
21. Qg1 fxe4 22. dxe4 Rf6 23. Bf1 Qh4 24. c4 Rg6 25. Bg2 Rxg2 26. Qxg2 Nxg2 27. Kxg2 Qg5+
0-1